Science Quiz

Random Science or Biology Quiz
Score 0/12 Timer 04:00
10 Plays Today
% Correct
Magma
96.4%
Tropical cyclone
96.4%
Copper
95.3%
Paleontology
94%
Sound barrier
90.1%
Virus
88.6%
Quasar
87.7%
Amoeba
85.6%
Cryptanalysis
81.8%
Spacetime
81.4%
Fractal
80.9%
Parasitism
54.7%
Remove Ads.
Support Sporcle.
Get the best of Sporcle when you Go Orange. This ad-free experience offers more features, more stats, and more fun while also helping to support Sporcle. Thank you for becoming a member.

You're not logged in!

Compare scores with friends on all Sporcle quizzes.
OR
Log In

Show Comments

Extras

Top Quizzes Today


Score Distribution

Your Account Isn't Verified!

In order to create a playlist on Sporcle, you need to verify the email address you used during registration. Go to your Sporcle Settings to finish the process.

Report this User

Report this user for behavior that violates our Community Guidelines.

Details: